Media, violence and terrorism / (Record no. 16065)

MARC details
000 -LEADER
fixed length control field 01734nam a22003737i 4500
003 - CONTROL NUMBER IDENTIFIER
control field URS
005 - DATE AND TIME OF LATEST TRANSACTION
control field 20220117150930.0
008 - FIXED-LENGTH DATA ELEMENTS--GENERAL INFORMATION
fixed length control field 170710s2003 ii ||||| |||| 00| 0 eng d
040 ## - CATALOGING SOURCE
Original cataloging agency BNY
Language of cataloging eng
Description conventions rda
Transcribing agency BNY
Modifying agency OCLCF
-- OCLCO
-- OCLCQ
-- OCLCO
-- OCL
-- OCLCO
-- CtY
-- URS
050 14 - LIBRARY OF CONGRESS CALL NUMBER
Classification number HV 6431
Item number M4681 2003
245 00 - TITLE STATEMENT
Title Media, violence and terrorism /
Statement of responsibility, etc [editors, S.T. Kwame Boafo and Sylvie Coudray].
264 #1 - PUBLICATION, DISTRIBUTION, ETC. (IMPRINT)
Place of publication, distribution, etc Paris :
Name of publisher, distributor, etc United Nations Educational, Scientific, and Cultural Organization,
Date of publication, distribution, etc [2003]
264 #3 - PUBLICATION, DISTRIBUTION, ETC. (IMPRINT)
Place of publication, distribution, etc New Delhi, India :
Name of publisher, distributor, etc Vaishali Graphics India,
Date of publication, distribution, etc [2003]
300 ## - PHYSICAL DESCRIPTION
Extent xiii, 133 pages ;
Dimensions 29 cm
336 ## - CONTENT TYPE
Content type term text
Content type code txt
Source rdacontent
337 ## - MEDIA TYPE
Media type term unmediated
Media type code n
Source rdamedia
338 ## - CARRIER TYPE
Carrier type term volume
Carrier type code nc
Source rdacarrier
500 ## - GENERAL NOTE
General note Pt. 1 includes papers from a conference on media and terrorism organized by UNESCO in Manila, Philippines, on May 2-3, 2002; part 2 includes case studies on the subject.
650 #0 - SUBJECT ADDED ENTRY--TOPICAL TERM
Topical term or geographic name as entry element Terrorism
Form subdivision Congresses.
650 #0 - SUBJECT ADDED ENTRY--TOPICAL TERM
Topical term or geographic name as entry element Terrorism and mass media
Form subdivision Congresses.
650 #0 - SUBJECT ADDED ENTRY--TOPICAL TERM
Topical term or geographic name as entry element Terrorism and mass media
Form subdivision Case studies.
650 #0 - SUBJECT ADDED ENTRY--TOPICAL TERM
Topical term or geographic name as entry element Terrorism
Form subdivision Case studies.
650 #7 - SUBJECT ADDED ENTRY--TOPICAL TERM
Topical term or geographic name as entry element Terrorism.
Source of heading or term fast
Authority record control number (OCoLC)fst01148101
650 #7 - SUBJECT ADDED ENTRY--TOPICAL TERM
Topical term or geographic name as entry element Terrorism and mass media.
Source of heading or term fast
Authority record control number (OCoLC)fst01148149
655 #7 - INDEX TERM--GENRE/FORM
Genre/form data or focus term Case studies.
Source of term fast
Authority record control number (OCoLC)fst01423765
655 #7 - INDEX TERM--GENRE/FORM
Genre/form data or focus term Conference papers and proceedings.
Source of term fast
Authority record control number (OCoLC)fst01423772
700 1# - ADDED ENTRY--PERSONAL NAME
Personal name Boafo, S. T. Kwame,
Relator term editor.
700 1# - ADDED ENTRY--PERSONAL NAME
Personal name Codray, Sylvie,
Relator term editor.
710 2# - ADDED ENTRY--CORPORATE NAME
Corporate name or jurisdiction name as entry element Unesco,
Relator term issuing body.
710 1# - ADDED ENTRY--CORPORATE NAME
Corporate name or jurisdiction name as entry element Philippines.
Subordinate unit Unesco National Commission of the Philippines,
Relator term host institution.
711 2# - ADDED ENTRY--MEETING NAME
Meeting name or jurisdiction name as entry element World Press Freedom Day
Date of meeting (2002 :
Location of meeting Manila, Philippines)
856 41 - ELECTRONIC LOCATION AND ACCESS
Link text Online version
Uniform Resource Identifier <a href="http://unesdoc.unesco.org/images/0013/001352/135256eo.pdf">http://unesdoc.unesco.org/images/0013/001352/135256eo.pdf</a>
942 ## - ADDED ENTRY ELEMENTS (KOHA)
Source of classification or shelving scheme Library of Congress Classification
Koha item type Foreign Books
Holdings
Withdrawn status Lost status Source of classification or shelving scheme Damaged status Not for loan Collection code Home library Current library Shelving location Date acquired Total Checkouts Full call number Barcode Date last seen Price effective from Koha item type
    Library of Congress Classification     Non-fiction Tanay College Library Tanay College Library Reserve Section 07/10/2017   HV 6431 M4681 2003 URSTAN-N2315 12/06/2018 07/10/2017 Foreign Books

University of Rizal System
Email us at univlibservices@urs.edu.ph

Visit our Website www.urs.edu.ph/library